Cat o'nine tales and other stories / (Record no. 3167)
[ view plain ]
| 000 -LEADER | |
|---|---|
| fixed length control field | 00873cam a2200205 4500 |
| 001 - CONTROL NUMBER | |
| control field | 3887 |
| 005 - DATE AND TIME OF LATEST TRANSACTION | |
| control field | 20181127172143.0 |
| 008 - FIXED-LENGTH DATA ELEMENTS--GENERAL INFORMATION | |
| fixed length control field | 070518r20072005nyua 000 1 eng |
| 010 ## - LIBRARY OF CONGRESS CONTROL NUMBER | |
| LC control number | 2007020901 |
| 020 ## - INTERNATIONAL STANDARD BOOK NUMBER | |
| International Standard Book Number | 0312949227 |
| International Standard Book Number | 978031249228 |
| 100 1# - MAIN ENTRY--PERSONAL NAME | |
| Personal name | Archer, Jeffrey, |
| Dates associated with a name | 1940- |
| 245 10 - TITLE STATEMENT | |
| Title | Cat o'nine tales and other stories / |
| Statement of responsibility, etc. | Jeffrey Archer ; drawings by Ronald Searle. |
| 260 ## - PUBLICATION, DISTRIBUTION, ETC. | |
| Place of publication, distribution, etc. | New York : |
| Name of publisher, distributor, etc. | St. Martin's Paperbacks, |
| Date of publication, distribution, etc. | 2008. |
| 300 ## - PHYSICAL DESCRIPTION | |
| Extent | ix, 341 p. : |
| Other physical details | ill. ; |
| Dimensions | 18 cm. |
| 505 0# - FORMATTED CONTENTS NOTE | |
| Formatted contents note | The man who robbed his own post office -- Maestro -- Don't drink the water -- It can't be October already -- The red king -- The wisdom of Solomon -- Know what I mean? -- Charity begins at home -- The alibi -- A Greek tragedy -- The Commissioner -- In the eye of the beholder. |
| 650 #0 - SUBJECT ADDED ENTRY--TOPICAL TERM | |
| Topical term or geographic name entry element | Fraud |
| Form subdivision | Fiction. |
| 655 #0 - INDEX TERM--GENRE/FORM | |
| Genre/form data or focus term | Short stories. |
| Genre/form data or focus term | Short stories. |
| Source of term | gsafd |
| Withdrawn status | Lost status | Source of classification or shelving scheme | Damaged status | Not for loan | Collection code | Home library | Current library | Shelving location | Date acquired | Serial Enumeration / chronology | Inventory number | Total Checkouts | Total Renewals | Full call number | Barcode | Date last seen | Date last checked out | Price effective from | Koha item type |
|---|---|---|---|---|---|---|---|---|---|---|---|---|---|---|---|---|---|---|---|
| Dewey Decimal Classification | Fiction | RTC Library | RTC Library | Fiction | 07/04/2022 | 6561 | 2 | 2 | FIC 813.54 ARC | 30006523 | 03/01/2022 | 15/10/2019 | 27/11/2018 | Fiction |